| 000 | 02490nam0a2200445 4500 | ||
|---|---|---|---|
| 001 | RU\NLR\bibl\1723015 | ||
| 005 | 20260407091039.0 | ||
| 010 |
_a978-5-87555-531-X _970 |
||
| 021 |
_aRU _b2010-98686 _96658 |
||
| 035 | _a(NLR Aleph) 001713997 | ||
| 090 |
_a1297856 _c1297856 |
||
| 100 | _a20110115d2010 |||y0rusy50 ca | ||
| 101 | 0 | _arus | |
| 102 | _aRU | ||
| 105 | _aabc ||||||||| | ||
| 200 | 1 |
_aМонастыри России: паломничество, религиозный туризм _eучебное пособие _fМ-во образования и науки Рос. Федерации, ГОУ ВПО "Ярослав. гос. пед. ун-т им. К.Д. Ушинского" [и др. _gА.С. Емельянов] |
|
| 205 | _a[Изд. 2-е, испр.] | ||
| 210 |
_aЯрославль _cГОУ ВПО "Ярославский государственный педагогический университет" _d2010 |
||
| 215 |
_a327 c., [8] л. цв. ил., портр. _cил., портр., карт. _d29 |
||
| 300 | _aАвт. указан на обл. | ||
| 300 | _aВ надзаг. также: Рус. православ. церковь, Моск. Патриархат, Ярослав. епархиальное упр. | ||
| 606 | 1 |
_aМонастыри _yРоссия _91329553 _3RU\NLR\auth\66552890 |
|
| 606 | 1 |
_aПаломничества _yРоссия _92079051 _3RU\NLR\auth\661254921 |
|
| 606 | 1 |
_aРелигиозный туризм _jУчебные издания _yРоссийская Федерация _92615286 _3RU\NLR\AUTH\661551845 |
|
| 606 | 1 |
_aТуристские маршруты _jУчебные издания _yРоссийская Федерация _92107158 _3RU\NLR\AUTH\661273797 |
|
| 686 | 1 | _aЭ372.24-647.2 | |
| 686 | 1 | _aЭ372.24-576 | |
| 686 | 1 | _aЧ518.113.9религ.4(2Р)я7 | |
| 686 | 1 | _aЧ518.115(2Р)я7 | |
| 702 | 1 |
_4220 _8rus _7ca _aЕмельянов _bА. С. _cканд. геогр. наук, туризм _gАлександр Сергеевич _3RU\NLR\auth\773005 _9113012 |
|
| 712 | 0 | 2 |
_4570 _aЯрославский государственный педагогический университет им. К. Д. Ушинского _3RU\NLR\AUTH\8815514 _9304213 |
| 801 | 0 |
_aRU _bNLR _c20110115 _gRCR |
|
| 801 | 1 |
_aRU _bNLR _c20110115 |
|
| 942 | _cBOOK | ||
| 980 | _aNB | ||
| 980 | _aNBR | ||